header

Modern analysis of customer surveys (Record no. 222967)

MARC details
000 -LEADER
fixed length control field 01552nam a2200385Ia 4500
082 04 - DEWEY DECIMAL CLASSIFICATION NUMBER
Classification number 658.8/3402855282
245 00 - TITLE STATEMENT
Title Modern analysis of customer surveys
260 ## - PUBLICATION, DISTRIBUTION, ETC. (IMPRINT)
Place of publication Chichester :
Name of publisher John Wiley & Sons,
Year of publication 2011.
300 ## - PHYSICAL DESCRIPTION
Number of Pages xxiv, 500 p. :
Other physical details ill.
650 #0 - SUBJECT ADDED ENTRY--TOPICAL TERM
Topical Term Consumer satisfaction
Topical Term Consumer satisfaction
Topical Term Consumers
Topical Term Consumers
Topical Term Sampling (Statistics)
Topical Term Surveys
Topical Term Surveys
700 1# - ADDED ENTRY--PERSONAL NAME
Personal name Kenett, Ron.
Personal name Salini, Silvia.
856 40 - ELECTRONIC LOCATION AND ACCESS
Uniform Resource Identifier http://site.ebrary.com/lib/rucke/Doc?id=10510589

No items available.

© 2026 Rongo University
Contact us: librarian | system librarian | Rongo university